Detalles MARC
| 000 -LÍDER |
| Campo fijo de descripción fija |
03021cam a22004334a 4500 |
| 001 - NÚMERO DE CONTROL |
| Campo de control |
14389695 |
| 003 - IDENTIFICADOR DEL NÚMERO DE CONTROL |
| Campo de control |
CO-MdFUSB |
| 005 - FECHA Y HORA DE LA ULTIMA TRANSACCIÓN |
| control field |
20180821113349.0 |
| 008 - ELEMENTOS DE LONGITUD FIJA -- INFORMACIÓN GENERAL |
| Campo fijo de descripción fija -- Información general |
060525t2006 mau f b 001 0 eng |
| 010 ## - NÚMERO DE CONTROL DE LA BIBLIOTECA DEL CONGRESO |
| Número de control LC |
2006043675 |
| 020 ## - NÚMERO INTERNACIONAL NORMALIZADO PARA LIBROS |
| Número Internacional Normalizado del libro |
0674023390 (pbk.) |
| 020 ## - NÚMERO INTERNACIONAL NORMALIZADO PARA LIBROS |
| Número Internacional Normalizado del libro |
9780674023390 (pbk.) |
| 040 ## - FUENTE DE CATALOGACIÓN |
| Agencia de catalogación original |
DLC |
| Agencia que realiza la transcripción |
CO-MdFUSB |
| Agencia que realiza la modificación |
CO-MdFUSB |
| Idioma de catalogación |
spa |
| Convenciones de la descripción |
rda |
| 041 ## - CÓDIGO DE IDIOMA |
| Código de idioma para texto/pista de sonido o título separado |
eng |
| 042 ## - AUTHENTICATION CODE |
| Authentication code |
pcc |
| 082 00 - NÚMERO DE CLASIFICACIÓN DECIMAL DEWEY |
| Número de la edición del Dewey |
24 |
| Número de clasificación |
G 231.7652 |
| Clave de autor-Numero de item |
N971c |
| 100 1# - ASIENTO PRINCIPAL--NOMBRE PERSONAL |
| Nombre personal |
Numbers, Ronald L. |
| Término relacionador |
autor |
| 245 14 - TÍTULO |
| Título del Material |
The creationists |
| Parte restante del título - Subtitulo |
: from scientific creationism to intelligent design |
| Mención de responsabilidad, etc. |
/ Ronald L. Numbers |
| 250 ## - MENCIÓN DE EDICIÓN |
| Mención de edición |
Expanded ed., 1st Harvard University Press pbk. ed. |
| 264 #1 - PRODUCCIÓN, PUBLICACIÓN, DISTRIBUCIÓN, MANUFACTURA, Y COPYRIGHT |
| Lugar de producción, publicación, distribución, manufactura |
Cambridge, Mass. : |
| Nombre del productor, publicador, distribuidor |
Harvard University Press, |
| Fecha de producción, publicación, distribución, manufactura, o copyright |
℗2006 |
| 264 #4 - PRODUCCIÓN, PUBLICACIÓN, DISTRIBUCIÓN, MANUFACTURA, Y COPYRIGHT |
| Fecha de producción, publicación, distribución, manufactura, o copyright |
©2006 |
| 300 ## - DESCRIPCIÓN FÍSICA |
| Extensión |
viii, 606 páginas, [16] p. of plates : |
| Otros detalles físicos |
ilustraciones ; |
| Dimensiones |
24 cm. |
| 336 ## - TIPO DE CONTENIDO |
| Fuente |
rdacontent |
| 337 ## - TIPO DE MEDIO |
| Fuente |
rdamedia |
| 338 ## - TIPO DE SOPORTE |
| Fuente |
rdacarrier |
| 501 ## - NOTA DE “CON” |
| Nota de Contenido |
Incluye indices (p. 578- 606) |
| 505 0# - NOTA DE CONTENIDO |
| Nota de contenido con formato preestablecido |
Creationism in the age of Darwin -- George Frederick Wright : from Christian Darwinist to fundamentalist -- Creationism in the fundamentalist controversy -- Scientific creationists in the age of Bryan -- George McCready Price and the new catastrophism -- The Religion and Science Association -- The Deluge Geology Society -- Evangelicals and evolution in Great Britain -- Evangelicals and evolution in North America -- John C. Whitcomb, Jr., Henry M. Morris, and The Genesis flood -- The Creation Research Society -- Creation science and scientific creationism -- Deception and discrimination -- Creation research institutes -- Creationism in the churches -- the appeal of creationism at home and abroad -- Intelligent design -- Creationism goes global. |
| 505 0# - NOTA DE CONTENIDO |
| Nota de contenido con formato preestablecido |
El creacionismo en la era de Darwin -- George Frederick Wright: del Darwinismo cristiano al fundamentalista -- El creacionismo en la controversia fundamentalista -- Los creacionistas científicos en la era de Bryan -- George McCready Price y el nuevo catastrofismo -- La Asociación Religión y Ciencia -- La sociedad de la geología del diluvio -- Evangelicals y evolución en Gran Bretaña -- Evangelicals y evolución en Norteamérica -- Juan C. Whitcomb, Jr., Henry M. Morris, y la inundación del génesis -- la sociedad de la investigación de la creación -- Ciencia de la creación Y el creacionismo científico -- Engaño y discriminación -- Institutos de investigación de la creación -- Creacionismo en las iglesias -- El atractivo del creacionismo en casa y en el extranjero -- Diseño inteligente -- El creacionismo se vuelve global. |
| 650 #7 - ASIENTO SECUNDARIO DE MATERIA - TERMINO TEMÁTICO |
| Término temático o nombre geográfico como elemento de entrada |
Creacionismo |
| 9 (RLIN) |
252 |
| 650 #7 - ASIENTO SECUNDARIO DE MATERIA - TERMINO TEMÁTICO |
| Término temático o nombre geográfico como elemento de entrada |
Religión y ciencia |
| 9 (RLIN) |
259 |
| 906 ## - LOCAL DATA ELEMENT F, LDF (RLIN) |
| a |
7 |
| b |
cbc |
| c |
orignew |
| d |
1 |
| e |
ocip |
| f |
20 |
| g |
y-gencatlg |
| 942 ## - TIPO DE MATERIAL (KOHA) |
| Tipo de Item KOHA |
Libros General |